000 00766nam a2200253Ia 4500
003 OSt
005 20220923212113.0
006 a|||||r|||| 00| 0
007 ta
008 220922b |||||||| |||| 00| 0 hin d
024 _a150,742
037 _cTextual
040 _aARTS
_cARTS
_bhin
041 _2hin
_ahin
082 _aLA, 152M5
100 _aबेदी, रामेश
245 0 _aजड़ी बूटियां और मानव
246 _aJaड़ī būṭiyāan aur mānava
250 _aसस्ंक
260 _aदिल्ली
_b जगतराम एण्डसन्ज
_c1989
300 _a364 पृ.
_ccm.
942 _hLA, 152M5
_cTEXL
_2CC
999 _c306422
_d306422